00771cam a2200229Mi 450000500170000000800410001702000180005802000150007602000180009103500210010904000440013004100080017424500850018226000490026730000300031650400530034665000260039965000350042565000140046070000320047477600350050620160623080618.0160623s2016 enkd fr 001 0 eng d a9781783477371 z1783477377 z9781783477388 a(OCoLC)949991598 aCo-BoUCMbspacSaul NiñodSaul Niño0 aeng00aHandbook on the economics of retailing and distributioncEditado por Emek Basker aCheltenham (Reino Unido)bEdward Elgarc2016 a494 páginasbgráficas aIncluye referencias bibliográficas e índices 0aComercio al por menor 7aCanales de comercialización  7aMercadeo 1 aBasker, Emekd1970-eeditor08iebook version :z9781783477388